000 00619nam a22001697a 4500
005 20251108164148.0
008 250721s9999 xx 000 0 ara d
082 1 4 _a301.2956/أسا
100 1 _aعبد الرحمن، أسامه
245 1 0 _aالثقافة بين الدوار و الحصار :
_bمن هموم التنمية الثقافية في الوطن العربي /
264 1 _aالكويت :
_bشركة كاظمه للنشر و الترجمة و التوزيع،
_c[19-].
300 _a179ص
650 1 7 _aالثقافة
650 1 7 _aالبلدان العربية
942 _2ddc
_cBK
999 _c5191
_d5191